Statistics for Countries With Fewest Doctors Per Capita

Click here to take the quiz!

General Stats

  • This quiz has been taken 34 times
  • The average score is 17 of 25

Answer Stats

physicians per million people country % Correct
19Niger
97%
37Chad
90%
22Ethiopia
87%
95Republic of the Congo
84%
83Mali
81%
100Guinea
77%
40Mozambique
77%
35Somalia
77%
30Tanzania
71%
38Gambia
68%
80Cameroon
68%
47Burkina Faso
68%
19Malawi
68%
53Togo
68%
56Rwanda
68%
83Zimbabwe
68%
59Benin
68%
59Senegal
68%
96Ghana
65%
14Liberia
65%
22Sierra Leone
65%
45Guinea Bissau
61%
50Central African Republic
61%
58Papua New Guinea
45%
73Timor Leste
32%

Score Distribution

Percentile by Number Answered

Percent of People with Each Score

Your Score History

You have not taken this quiz